LEADER 01980nam0 22004333i 450 001 CFI0187190 005 20251003044131.0 010 $a8820434849 100 $a20140529d1989 ||||0itac50 ba 101 | $aita 102 $ait 181 1$6z01$ai $bxxxe 182 1$6z01$an 200 1 $aˆIl ‰management della produzione$eguida per i manager operativi$fTerry Hill 210 $aMilano$cF. Angeli$d©1989 215 $a477 p.$d24 cm 225 | $aAzienda moderna$v233 300 $aTrad. di G. Szemere. 410 0$1001CFI0006307$12001 $aAzienda moderna$v233 500 10$aProduction/operations management.$3CFI0187191$9CFIV093937$913349 606 $aProduzione$xOrganizzazione$2FIR$3CFIC002116$9E 676 $a658.5$9GESTIONE GENERALE. GESTIONE DELLA PRODUZIONE$v14 676 $a658.5$9GESTIONE DELLA PRODUZIONE$v21 676 $a658.5$9GESTIONE DELLA PRODUZIONE$v22 676 $a658.503$9$v19 696 $aOrganizzazione 699 $aOrganizzazione$zOrganizzazione 700 1$aHill$b, Terry$3CFIV093937$4070$0107615 790 1$aHill$b, Terry$f <1940- >$3NAPV129045$zHill, Terry 801 3$aIT$bIT-000000$c20140529 850 $aIT-BN0095 $aIT-NA0457 901 $bNAP BI$cSALA 2 $nLibri da 961 a 1596 901 $bNAP 01$cSALA DING $n$ 901 $bNAP 01$cPOZZO LIB.$nVi sono collocati fondi di economia, periodici di ingegneria e scienze, periodici di economia e statistica e altri fondi comprendenti documenti di economia pervenuti in dono. 912 $aCFI0187190 950 0$aBiblioteca Centralizzata di Ateneo$c1 v.$d 01SALA DING 658.5 HIL.ma$e 0102 0000019685 VMA A4 1 v.$fY $h19951016$i19951016$c1 v.$d 01POZZO LIB.ECON MON 8474$e 0101 0000106665E VMA 1 v. (Precedente collocazione GUERRAZZI B 1001)$fB $h20080310$i20080310 977 $a 01$a BI 996 $aProduction$913349 997 $aUNISANNIO